XG's songs by lyrics (hard) - Statistics

General Stats
  • This quiz has been taken 12 times
  • The average score is 11 of 14
Answer Stats
Hint Answer % Correct
I hit the switch, hear the noise inside Left Right
91%
Slide to the left and the right now New Dance
91%
Treat me like a lady, this ain't up for debatin' Puppet Show
91%
Young Queen but I act like an unnie Woke Up
91%
Knock, knock, who's there? It's your whole life Something Ain't Right
82%
All across thе globe and out the solar TGIF
82%
Understand that we didn't come to play, babe Tippy Toes
82%
And when it do better fix your crown so Mascara
73%
If I could make a list, you'd be the first in it Winter without You
73%
Yeah, we only got room for the baddest GRL GVNG
64%
Don't wanna fight this feelin' IYKYK
64%
We a movement, never losin' Shooting Star
64%
That's what I call a finesse Undefeated
64%
Intergallactical tactical flow X-GENE
55%
No matching quizzes found
Score Distribution
Percent of People with Each Score
Percentile by Number Answered
Your Score History
You have not taken this quiz